MDQL
is popping MORE tags! Check the
thread
!
Quizzes
Events
Quiz Creation
Community
Videos
Private Events
Remove Ads
Sign In
Join for FREE
Feedback
Dark Mode
Quiz Categories
Sports
Geography
Music
Movies
Television
Just For Fun
Miscellaneous
History
Literature
Language
Science
Gaming
Entertainment
Religion
Holiday
For Kids
Quiz Lab
Recent
Popular Today
Quiz Kudos Today
Editor Picks
Curator Picks
Quizzes by...
Day
Popularity
Type
Ratings
Length
Year
Community
Subscriptions
Recent Discussions
Orange Saloon
Badges
Playlists
Quests
Create
Leaderboards
Showdown
Live 5
Trivia Bingo
Activity
Puzzle Library
Sporcle Events
Private Events
Virtual Trivia
Globe League
Become a Host
Pub Owners
SporcleCon
Opinionation
Our Games
Videos
Blog
Mobile Apps
Partnerships
Remove Ads and Go Orange
Feedback
Gaming
Video Games
Board Games
Card Games
Pokémon
Mario
Nintendo
Minecraft
Console
Toys
Legend of Zelda
Gaming
Video Games
Board Games
Card Games
Pokémon
Mario
Nintendo
Minecraft
Console
Toys
Legend of Zelda
Random Quiz
Search Sporcle
×
Quiz Lab
Quiz Lab
Gaming
Minecraft
Type in answers that appear in a list
Type in answers that appear in a list
Classic
Best Score? Go Orange.
Diggy Diggy Hole Lyrics Stats
Can you name the Diggy Diggy Hole Lyrics?
By
hobknob94
8m
299 Questions
292 Plays
292 Plays
292 Plays
Comments
Comments
Give Quiz Kudos
Give Quiz Kudos
-
- Ratings
hide this ad
Replay
Link that replays current quiz
Next Quiz
Link to next quiz in quiz playlist
You Got
0%
They Got
Avg Score
76%
Avg Friend Score
Upgrade to see
Score Distribution
Jump to the score distribution portion of the page
Score
0/299
Timer
08:00
0
Plays Today
Lyric
% Correct
a
95.2%
a
95.2%
a
95.2%
a
95.2%
a
95.2%
a
95.2%
a
95.2%
a
95.2%
a
95.2%
a
95.2%
a
95.2%
a
95.2%
a
95.2%
a
95.2%
a
95.2%
a
95.2%
I
94.5%
I
94.5%
I
94.5%
I
94.5%
I
94.5%
I
94.5%
dig
94.2%
dig
94.2%
dig
94.2%
dig
94.2%
dig
94.2%
hole
93.2%
hole,
93.2%
hole
93.2%
hole
93.2%
hole,
93.2%
hole
93.2%
hole
93.2%
hole
93.2%
hole
93.2%
hole
93.2%
hole
93.2%
hole
93.2%
hole
93.2%
hole
93.2%
hole
93.2%
hole
93.2%
hole
93.2%
hole
93.2%
diggy
92.8%
diggy
92.8%
diggy
92.8%
diggy
92.8%
diggy
92.8%
diggy
92.8%
diggy
92.8%
diggy
92.8%
Diggy
92.8%
diggy
92.8%
Diggy
92.8%
diggy
92.8%
Diggy
92.8%
diggy
92.8%
Diggy
92.8%
diggy
92.8%
Diggy
92.8%
diggy
92.8%
Diggy
92.8%
diggy
92.8%
Diggy
92.8%
diggy
92.8%
Diggy
92.8%
diggy
92.8%
and
91.1%
and
91.1%
and
91.1%
and
91.1%
and
91.1%
and
91.1%
and
91.1%
and
91.1%
and
91.1%
and
91.1%
and
91.1%
and
91.1%
and
91.1%
I'm
87.3%
the
87.3%
the
87.3%
the
87.3%
the
87.3%
the
87.3%
The
87.3%
I'm
87.3%
the
87.3%
the
87.3%
the
87.3%
The
87.3%
the
87.3%
the
87.3%
I'm
87.3%
I'm
87.3%
I'm
87.3%
I'm
87.3%
Lyric
% Correct
the
87.3%
the
87.3%
dwarf
86.6%
dwarf
86.6%
dwarf
86.6%
dwarf
86.6%
dwarf
86.6%
dwarf
86.6%
am
86.3%
am
86.3%
am
86.3%
am
86.3%
am
86.3%
am
86.3%
digging
86%
digging
86%
digging
86%
digging
86%
digging
86%
digging
86%
of
84.6%
of
84.6%
of
84.6%
of
84.6%
of
84.6%
of
84.6%
of
84.6%
me
82.5%
me
82.5%
me!
82.5%
me
82.5%
mine
82.2%
mine
82.2%
you
82.2%
in
81.8%
in
81.8%
in
81.8%
in
81.8%
in
81.8%
in
81.8%
in
81.8%
your
80.5%
your
80.5%
your
80.5%
your
80.5%
with
80.1%
with
80.1%
with
80.1%
with
80.1%
Brothers
78.1%
Sing
78.1%
Sing
78.1%
Sing
78.1%
To
78.1%
sing
78.1%
brothers,
78.1%
to
78.1%
brothers,
78.1%
sing
78.1%
do
77.1%
pick
76%
We
76%
we
76%
deep
75.7%
Deep,
75.7%
deep
75.7%
deep
75.7%
on,
74.3%
on
74.3%
on,
74.3%
voice!
74%
raise
74%
Raise
74%
mountain
73.6%
our
73.6%
our
73.6%
mountain
73.6%
our
73.6%
mountain
73.6%
our
73.6%
mountain
73.6%
our
73.6%
our
73.6%
mountain
73.6%
our
73.6%
rejoice!
72.9%
Born
72.3%
Born
72.3%
Born
72.3%
underground,
71.2%
underground,
71.2%
underground,
71.2%
Swing
70.2%
Swing
70.2%
Swing
70.2%
what
70.2%
what
70.2%
home
69.2%
home
69.2%
home
69.2%
Lyric
% Correct
Come
68.8%
Come
68.8%
down
68.5%
Down
68.5%
stone
68.5%
down
68.5%
stone
68.5%
will
68.2%
Gold
68.2%
Who
68.2%
us
68.2%
us
68.2%
will
68.2%
us
68.2%
beneath?
66.8%
beneath;
66.8%
Steel
66.4%
steel
66.4%
iron,
66.1%
so
66.1%
iron,
66.1%
we'll
65.4%
Diamonds
65.1%
into
64.7%
find
64.4%
from
64%
made
64%
dark,
64%
from
64%
dark,
64%
made
64%
bones
63.7%
bones
63.7%
knows
63.4%
not
63%
more
63%
Rubies
63%
not
63%
Never
62.7%
never
62.7%
Skin
62.3%
Skin
62.3%
is
61.6%
makes
61.3%
makes
61.3%
Hidden
61%
teat
59.9%
store.
59.9%
teat
59.9%
suckled
59.6%
safety
59.6%
Raised
59.6%
suckled
59.6%
Raised
59.6%
safety
59.6%
moon
58.9%
free
58.2%
glow
58.2%
free
58.2%
sunlight
57.5%
seen
57.2%
Earth
56.8%
blue
56.5%
this
55.1%
Dwarves
54.5%
high
54.1%
tomb
53.8%
reach
53.1%
doom
52.1%
too
51.7%
fly
51.4%
lies
51.4%
low
51%
meet
51%
cradle;
50.7%
can
50.7%
battlefield;
50%
become
49.3%
shall
49%
won't
48.3%
feast!
48.3%
mead
47.9%
at
47.6%
rocky
46.9%
keep
46.6%
Stumble
45.2%
fall
45.2%
Face
44.9%
stuff
43.8%
bellies
43.8%
asleep
43.8%
some
43.5%
womb
42.8%
fear
42.1%
inside
39%
dreaming
36.6%
glass
36.3%
grown
36.3%
Fill
34.9%
Quiz Playlist
Details
Report
Send in Message
Add To Playlist
Classic:
Type in answers that appear in a list
Last Updated: Feb 16, 2017
Quiz Scoreboard
CHALLENGE
Sign Up to Join the Scoreboard
Show All
Scores
Hide
Comments
May contain spoilers
Recently Published
Colored Red Africa Blitz
by spor1
Geography
30s
Find the 'City' Movie
by crazypaving
Movies
60s
5x2 Blitz: Bands
by SL_Kpop136
Music
30s
More to Explore
Quiz From the Vault
Featured Blog Post
14 Easter Pick-up Lines to Find Eggs With
hide this ad
You Might Also Like...
Tags
Lyrics Quiz
Minecraft Quiz
Song Quiz
Figure Out the Lyrics
hole
Missing Lyrics
Original Lyrics
Today's Top Quizzes in Gaming
Browse Gaming
hide this ad
Today's Top Quizzes in Minecraft
Browse Minecraft
Top Contributed Quizzes in Gaming
1
Dead By Daylight Logic Puzzle
2
League of Legends Pro Players by Career/Team History
3
Destiny 2 exotic weapons by perk icons
4
Genshin Impact Logic Puzzle
5
Overwatch 2: Ultimate Ability Icons
6
Genshin Impact Logic Puzzle Quiz II
7
Windmill: Elements
8
Overwatch Logic Puzzle
9
Genshin Impact Logic Puzzle Quiz
10
Genshin murder mystery
Explore More
Trending Topics
Disney
Kpop
Marvel
Crossword
NBA
Harry Potter
Anime
Puzzle
WWE
Country
Song
NFL
Soccer
The Office
Pokémon
hide this ad
More By:
hobknob94
Quiz
Plays
Rating
Category
Featured
Created
Diggy Diggy Hole Lyrics
292
4.63
Gaming
Feb 19, 2015
Actor by Character
73
1.50
Movies
Feb 13, 2015
Pokemon By Description Gen 1
73
2.00
Gaming
Feb 12, 2015
Actress By Character
43
2.00
Movies
Feb 15, 2015
I am a legand
10
1.00
Gaming
Feb 12, 2015
Go to Creator's Profile
Score Distribution
Quiz Creator Spotlight
hobknob94
Follow
Send a Message
Quizzes Created
-
Created Quiz Play Count
-
More By This Creator
Popular Quizzes Today
1
Find the 'City' Movie
2
Colored Red Africa Blitz
3
Find the US States - No Outlines Minefield
4
5x2 Blitz: Bands
5
The Countries of the World
6
Find the US States
7
US States
8
9x9 Crossword: Cartoon Network
More Gaming Quizzes
Fortnite Battle Royale: Shotguns
Quiz Lab
Trending Quizzes
Colored Red Europe Blitz I
Colored Red Africa Blitz II
Colored Red Europe Blitz II
Colored Red Africa Blitz III
Colored Red Europe Blitz III
Recently Updated
2024 March Madness Bracket
pecheneg
Famous TV Couples
Peacemaker
Champions League XIs: Real Madrid
pecheneg
Largest US Cities 1790-2010
pecheneg
Rides in Walt Disney World
pecheneg
Most Oscar Losses (Acting)
pecheneg
Beyoncé Albums
pecheneg
Leaping Animals
pecheneg
Reality TV Shows (A-Z)
bhenderson79
Rickey Henderson's Hall of Fame Teammates
pecheneg
Trending Topics
Crossword
Marvel
Kpop
Harry Potter
Disney
Anime
NBA
WWE
Country
Soccer
The Office
Pokémon
Song
Puzzle
NFL
Your Account Isn't Verified!
In order to create a playlist on Sporcle, you need to verify the email address you used during registration. Go to your
Sporcle Settings
to finish the process.
Report this User
Report this user for behavior that violates our
Community Guidelines
.
Details:
Send Report
Go to the Sporcle.com Mobile Site →
Comments